[Event "ACT-ch"]
[Site "Canberra"]
[Date "2017.03.11"]
[Round "2"]
[White "Ingham, Glenn"]
[Black "Johnston, Thomas"]
[Result "1-0"]
[WhiteElo "1717"]
[BlackElo "1743"]
[PlyCount "55"]
[EventDate "2017.03.10"]
[EventType "swiss"]
[EventRounds "7"]
[EventCountry "AUS"]
[SourceTitle "EXT 2023"]
[Source "ChessBase"]
[SourceDate "2022.10.05"]
[SourceVersion "1"]
[SourceVersionDate "2022.10.05"]
[SourceQuality "1"]

1. e4 c5 2. Nf3 Nc6 3. d4 cxd4 4. Nxd4 Qb6 5. c3 Nf6 6. f3 e6 7. Na3 d5 8. exd5 exd5 9. Qe2+ Be7 10. Be3 Qd8 11. Nxc6 bxc6 12. Bc5 Be6 13. Bxe7 Qxe7 14. 0-0-0 0-0 15. g4 c5 16. g5 Nd7 17. f4 Rac8 18. Rxd5 Nb6 19. Re5 Nd7 20. Re3 Qd6 21. Qf2 Bxa2 22. Rd3 Qe7 23. c4 Rb8 24. h4 Qe4 25. Rhh3 Rfe8 26. Rxd7 Qe1+ 27. Qxe1 Rxe1+ 28. Rd1 1-0

[Event "New South Wales op"]
[Site "Sydney"]
[Date "2015.06.07"]
[Round "3"]
[White "Ingham, Glenn"]
[Black "Fikh, Anthony"]
[Result "1-0"]
[WhiteElo "1677"]
[BlackElo "1623"]
[PlyCount "47"]
[EventDate "2015.06.06"]
[EventType "swiss"]
[EventRounds "7"]
[EventCountry "AUS"]
[SourceTitle "CBM 166 Extra"]
[Source "ChessBase"]
[SourceDate "2015.06.18"]
[SourceVersion "1"]
[SourceVersionDate "2015.06.18"]
[SourceQuality "1"]

1. d4 Nf6 2. Nf3 e6 3. Bf4 b6 4. e3 Bb7 5. c3 Be7 6. Nbd2 0-0 7. Bd3 d5 8. h3 Ne4 9. Bc2 f5 10. Nxe4 fxe4 11. Ne5 Nd7 12. Qg4 Rf5 13. h4 Nxe5 14. dxe5 Qd7 15. 0-0-0 Rf7 16. Bxe4 Qa4 17. Bb1 Bc8 18. Rd4 Qb5 19. h5 c5 20. Rd2 Kh8 21. Bxh7 Kxh7 22. Qg6+ Kg8 23. h6 Qe8 24. hxg7 1-0

[Event "Australian op"]
[Site "Cammeray"]
[Date "2013.01.11"]
[Round "9"]
[White "Ingham, Glenn"]
[Black "Dickson, Ian C"]
[Result "1-0"]
[WhiteElo "1618"]
[BlackElo "1790"]
[PlyCount "85"]
[EventDate "2013.01.02"]
[EventType "swiss"]
[EventRounds "11"]
[EventCountry "AUS"]
[SourceTitle "CBM 152 Extra"]
[Source "ChessBase"]
[SourceDate "2013.02.25"]
[SourceVersion "1"]
[SourceVersionDate "2013.02.25"]
[SourceQuality "1"]

1. d4 Nf6 2. c4 g6 3. Nc3 Bg7 4. Nf3 0-0 5. e4 d6 6. Be2 e5 7. 0-0 Nc6 8. d5 Ne7 9. b4 Nh5 10. g3 f5 11. Ng5 Nf6 12. f3 c6 13. Be3 h6 14. Ne6 Bxe6 15. dxe6 Kh7 16. a4 Ne8 17. Qb3 Nc7 18. c5 d5 19. Nxd5 cxd5 20. exd5 Qxd5 21. Bc4 Qc6 22. Rad1 Rfd8 23. b5 Qe8 24. Rd6 Nc8 25. Rxd8 Qxd8 26. Rd1 Qf6 27. Rd7 Ne7 28. Rxc7 Rd8 29. Rxb7 e4 30. Rd7 Nc8 31. Bd4 Qxd4+ 32. Rxd4 Bxd4+ 33. Kg2 exf3+ 34. Qxf3 Bxc5 35. Qb7+ Ne7 36. a5 Rd4 37. Bb3 Rd3 38. Bc4 Rd4 39. Bf1 g5 40. b6 Rd2+ 41. Kh1 Rd1 42. Qf3 Ra1 43. b7 1-0

[Event "Australian op"]
[Site "Cammeray"]
[Date "2013.01.05"]
[Round "4"]
[White "Neudel, Bernd"]
[Black "Ingham, Glenn"]
[Result "1-0"]
[WhiteElo "1904"]
[BlackElo "1618"]
[PlyCount "71"]
[EventDate "2013.01.02"]
[EventType "swiss"]
[EventRounds "11"]
[EventCountry "AUS"]
[SourceTitle "CBM 152 Extra"]
[Source "ChessBase"]
[SourceDate "2013.02.25"]
[SourceVersion "1"]
[SourceVersionDate "2013.02.25"]
[SourceQuality "1"]

1. d4 Nf6 2. c4 g6 3. Nf3 Bg7 4. g3 0-0 5. Bg2 d5 6. cxd5 Nxd5 7. 0-0 Nb6 8. Nc3 c6 9. e3 Bf5 10. h3 Qc8 11. Kh2 Nd5 12. Nh4 Nxc3 13. bxc3 Be6 14. Qe2 g5 15. Nf3 g4 16. Ng5 gxh3 17. Nxh3 Bf5 18. e4 Bg6 19. Nf4 e6 20. Nxg6 hxg6 21. Rb1 c5 22. e5 cxd4 23. cxd4 Nc6 24. Be3 Nb4 25. Qb5 Nd5 26. Bxd5 exd5 27. Qxd5 Rd8 28. Qb3 b6 29. Rfd1 Bf8 30. Rbc1 Qf5 31. Kg2 Rd7 32. f3 Rad8 33. Rc6 Rd5 34. Rdc1 Ra5 35. Rf6 Qd7 36. Rxg6+ 1-0

[Event "AUS-ch Reserves"]
[Site "Geelong"]
[Date "2012.01.04"]
[Round "8"]
[White "Ingham, Glenn"]
[Black "Lilly, Richard"]
[Result "0-1"]
[WhiteElo "1576"]
[BlackElo "1902"]
[PlyCount "106"]
[EventDate "2011.12.27"]
[EventType "swiss"]
[EventRounds "11"]
[EventCountry "AUS"]
[SourceTitle "EXT 2023"]
[Source "ChessBase"]
[SourceDate "2022.10.05"]
[SourceVersion "1"]
[SourceVersionDate "2022.10.05"]
[SourceQuality "1"]

1. e4 e6 2. d4 d5 3. Nc3 Bb4 4. e5 c5 5. a3 cxd4 6. axb4 dxc3 7. Qg4 Qe7 8. Qxg7 cxb2 9. Rb1 bxc1Q+ 10. Rxc1 Qxb4+ 11. c3 Qb2 12. Kd1 Qxf2 13. Nh3 Qf5 14. Qxh8 Kf8 15. Kd2 Nc6 16. Bd3 Qxe5 17. Qxh7 Nf6 18. Qh6+ Ke7 19. Rce1 Qh5 20. Qxh5 Nxh5 21. g4 Ng7 22. Nf4 Kd6 23. g5 e5 24. Ng2 Bh3 25. Ne3 Rh8 26. Re2 e4 27. Bc2 Ne5 28. Kc1 Nf5 29. Rd1 Nxe3 30. Rxe3 Bg4 31. Rd4 Nf3 32. Rb4 b6 33. c4 Kc5 34. Ra4 Nxg5 35. cxd5 Kxd5 36. Rxa7 Rxh2 37. Rb7 f5 38. Rxb6 Ke5 39. Rb5+ Kf4 40. Rbb3 Nf3 41. Rbc3 Nd4 42. Re1 Ne2+ 43. Kb2 Nxc3 44. Kxc3 e3 45. Bd3 Bf3 46. Kd4 Rh8 47. Bxf5 Rd8+ 48. Kc3 Rd1 49. Rxd1 Bxd1 50. Kd3 e2 51. Kd2 Kxf5 52. Ke1 Ke4 53. Kf2 Kd3 0-1

[Event "Doeberl Cup Minor 47th"]
[Site "Canberra"]
[Date "2009.04.12"]
[Round "5"]
[White "Ingham, Glenn"]
[Black "Damaschino, Lou"]
[Result "0-1"]
[WhiteElo "1131"]
[BlackElo "1283"]
[PlyCount "98"]
[EventDate "2009.04.10"]
[EventType "swiss"]
[EventRounds "6"]
[EventCountry "AUS"]
[SourceTitle "CBM 129 Extra"]
[Source "ChessBase"]
[SourceDate "2009.05.05"]
[SourceVersion "2"]
[SourceVersionDate "2009.05.20"]
[SourceQuality "1"]

1. e4 c5 2. Nc3 Nc6 3. f4 e6 4. Nf3 Be7 5. Bb5 a6 6. Bxc6 bxc6 7. 0-0 Nf6 8. d3 0-0 9. Qe1 d5 10. e5 Nd7 11. Qg3 f5 12. Ng5 Bxg5 13. fxg5 g6 14. b3 Qc7 15. Bf4 Nb6 16. Rf3 d4 17. Ne2 Nd5 18. Rc1 Qa5 19. a4 Rb8 20. Qe1 Qxe1+ 21. Rxe1 Bd7 22. h4 Be8 23. Ref1 Rf7 24. R1f2 Nb4 25. Ng3 c4 26. dxc4 c5 27. Bc1 Bc6 28. Rf4 d3 29. c3 Nc2 30. Rd2 Rd7 31. h5 Rxb3 32. a5 Rb1 33. Rf1 Na1 34. Ba3 Rxf1+ 35. Kxf1 Nb3 36. Rd1 Nxa5 37. Bxc5 Nxc4 38. Bd4 Bxg2+ 39. Kf2 Be4 40. h6 a5 41. Nf1 a4 42. Ne3 Nxe3 43. Kxe3 Rb7 44. Ra1 Rb2 45. Rxa4 Re2+ 46. Kf4 d2 47. Rc4 d1Q 48. Rc8+ Kf7 49. Rc7+ Ke8 0-1